Basic Electromagnetic Fields (Record no. 1548)
[ view plain ]
| 000 -LEADER | |
|---|---|
| fixed length control field | 00365nam a2200157Ia 4500 |
| 008 - FIXED-LENGTH DATA ELEMENTS--GENERAL INFORMATION | |
| fixed length control field | 221030s9999 xx 000 0 und d |
| 020 ## - INTERNATIONAL STANDARD BOOK NUMBER | |
| ISBN | 0063505436 |
| 041 ## - LANGUAGE CODE | |
| Language code of text/sound track or separate title | |
| 082 ## - DEWEY DECIMAL CLASSIFICATION NUMBER | |
| Classification number | 105.23 |
| Item number | Nef |
| 100 ## - MAIN ENTRY--AUTHOR NAME | |
| Personal name | H. P. Neff |
| 245 #0 - TITLE STATEMENT | |
| Title | Basic Electromagnetic Fields |
| 260 ## - PUBLICATION, DISTRIBUTION, ETC. (IMPRINT) | |
| Name of publisher | Harper & Row Pub |
| Place of publication | New York |
| Year of publication | 1987 |
| 300 ## - PHYSICAL DESCRIPTION | |
| Number of Pages | 616 |
| 650 ## - SUBJECT ADDED ENTRY--TOPICAL TERM | |
| Topical Term | EMT |
| 942 ## - ADDED ENTRY ELEMENTS (KOHA) | |
| Koha item type | Books |
| Accession Number | Full call number | Price effective from | Koha item type | Withdrawn / writtenoff status | Materials specified (bound volume or other part) | Damaged status | Not for loan | Permanent Location | Current Location | Shelving location | Date acquired | Lost/ Missing status | department | Cost, normal purchase price |
|---|---|---|---|---|---|---|---|---|---|---|---|---|---|---|
| BE 296 | 105.23 Nef | 10/30/2022 | Books | MIET Library, Jammu | MIET Library, Jammu | BL-Academic Block - C, FL-2, CUP-8, SH-2, R-2 | 12/24/1998 | BE | ||||||
| BE 906 | 105.23 Neff | 10/30/2022 | Books | Not For Loan | MIET Library, Jammu | MIET Library, Jammu | BL-Second, FL-1, CUP-16, SH-5, R-5 | 02/02/2000 | BE | 578.00 |